[Event "North American op"]
[Site "Las Vegas USA"]
[Date "2023.12.27"]
[Round "3.21"]
[White "De La Colina, Nicolas"]
[Black "Le, Quang Long"]
[Result "1/2-1/2"]
[WhiteElo "2145"]
[BlackElo "2413"]
[PlyCount "71"]
[EventDate "2023.12.26"]
[EventType "swiss"]
[EventRounds "9"]
[EventCountry "USA"]
[Source "Mark Crowther"]
[SourceDate "2024.01.01"]

1. e4 c5 2. Nc3 Nc6 3. Bb5 g6 4. Bxc6 dxc6 5. d3 Bg7 6. Be3 b6 7. Qd2 Nf6 8.
Bh6 O-O 9. Bxg7 Kxg7 10. f4 b5 11. Nf3 Qb6 12. O-O Bg4 13. Nh4 c4+ 14. Kh1 cxd3
15. e5 Ng8 16. Qxd3 Nh6 17. h3 Rad8 18. Qg3 Bf5 19. Qf2 Qxf2 20. Rxf2 Rd4 21.
Re1 Be6 22. g4 b4 23. Na4 Rfd8 24. b3 Rd1 25. Rxd1 Rxd1+ 26. Kg2 Bd5+ 27. Nf3
f5 28. exf6+ exf6 29. c4 bxc3 30. Nxc3 Bxf3+ 31. Rxf3 Rd4 32. Re3 Kf7 33. Kf3
Ng8 34. Re4 Rd3+ 35. Re3 Rd4 36. Re4 1/2-1/2

[Event "North American op"]
[Site "Las Vegas USA"]
[Date "2023.12.30"]
[Round "9.16"]
[White "Andersen, Gunnar"]
[Black "Le, Quang Long"]
[Result "0-1"]
[WhiteElo "2157"]
[BlackElo "2413"]
[PlyCount "174"]
[EventDate "2023.12.26"]
[EventType "swiss"]
[EventRounds "9"]
[EventCountry "USA"]
[Source "Mark Crowther"]
[SourceDate "2024.01.01"]

1. Nf3 Nf6 2. g3 c5 3. Bg2 g6 4. O-O Bg7 5. c3 O-O 6. d4 Qc7 7. Re1 d5 8. Nbd2
cxd4 9. cxd4 Bf5 10. Nb3 Bc2 11. Bf4 Bxd1 12. Bxc7 Bxb3 13. axb3 Nc6 14. Red1
Rfc8 15. Bf4 e6 16. Ne5 Nb4 17. Rac1 Ne4 18. h4 f6 19. Nd3 Bf8 20. Rxc8 Rxc8
21. f3 Nxd3 22. fxe4 Nxf4 23. gxf4 dxe4 24. Bxe4 Rc7 25. d5 f5 26. Bf3 exd5 27.
Bxd5+ Kg7 28. Bf3 h5 29. Kg2 Be7 30. Kg3 Bf6 31. Rd2 Re7 32. b4 b5 33. Rd5 Bxb2
34. Rxb5 Bc3 35. Rb8 Be1+ 36. Kh3 Bd2 37. Kg3 Rc7 38. b5 Rc4 39. Rb7+ Kh6 40.
Rxa7 Bxf4+ 41. Kh3 Rb4 42. Rb7 Be3 43. Rb8 Ba7 44. Rb7 Bf2 45. Rb8 Kg7 46. Kg2
Bd4 47. Bd5 Kf6 48. Bc6 Bc5 49. Kh3 Bd6 50. Rd8 Ke7 51. Re8+ Kf7 52. e4 f4 53.
Rd8 Rb3+ 54. Kh2 Rb2+ 55. Kh1 Be7 56. Be8+ Kf6 57. Rd3 Bc5 58. e5+ Kf5 59. e6
Be7 60. Bd7 Kg4 61. Be8 Bxh4 62. Bc6 Kf5 63. Be8 Be7 64. Rc3 Kf6 65. Rc4 Bd6
66. Rc3 Be5 67. Rd3 h4 68. Bd7 Ke7 69. Bc6 Kxe6 70. Bd7+ Kf6 71. Kg1 Bb8 72.
Kh1 Ke5 73. Bc6 Ba7 74. Rd5+ Kf6 75. Rd3 Bc5 76. Rd5 Be3 77. Rd3 Kf5 78. Bf3
Rxb5 79. Kg2 Rb2+ 80. Kh3 Rf2 81. Rd5+ Ke6 82. Be4 Rf1 83. Rg5 f3 84. Rxg6+ Ke5
85. Bxf3 Rxf3+ 86. Kxh4 Kf5 87. Rg8 Bf2+ 0-1

[Event "HD Bank Cup"]
[Site "Ho Chi Minh VIE"]
[Date "2019.03.07"]
[Round "1.41"]
[White "Le, Quang Long"]
[Black "Zhou, Zirun"]
[Result "1-0"]
[WhiteElo "2412"]
[BlackElo "2156"]
[PlyCount "71"]
[EventDate "2019.03.07"]
[EventType "swiss"]
[EventRounds "9"]
[EventCountry "VIE"]
[Source "ChessMix"]
[SourceDate "2019.03.20"]

1. Nf3 Nf6 2. c4 e6 3. g3 d5 4. Bg2 dxc4 5. Qa4+ Bd7 6. Qxc4 c5 7. Ne5 Qc8 8.
O-O Nc6 9. Nxd7 Qxd7 10. Nc3 Be7 11. d3 O-O 12. Bg5 b6 13. b4 Rac8 14. b5 Na5
15. Qa4 Nd5 16. Bd2 Bf6 17. Rac1 Nxc3 18. Bxc3 Bxc3 19. Rxc3 Rfd8 20. Rfc1 Qe8
21. e3 g6 22. h4 h5 23. g4 hxg4 24. Qxg4 Qxb5 25. h5 Qe8 26. hxg6 fxg6 27. Be4
Rc7 28. Kf1 Rg7 29. Ke2 Rd6 30. Rh1 Qa4 31. a3 Qb5 32. Rc2 Nc6 33. Qf4 Rdd7 34.
Qf6 Nd8 35. Bxg6 Qb3 36. Rh8+ 1-0

[Event "HD Bank Cup"]
[Site "Ho Chi Minh VIE"]
[Date "2019.03.08"]
[Round "2.25"]
[White "Nouri, Alekhine"]
[Black "Le, Quang Long"]
[Result "0-1"]
[WhiteElo "2064"]
[BlackElo "2412"]
[PlyCount "110"]
[EventDate "2019.03.07"]
[EventType "swiss"]
[EventRounds "9"]
[EventCountry "VIE"]
[Source "ChessMix"]
[SourceDate "2019.03.20"]

1. e4 c6 2. d4 d5 3. e5 Bf5 4. Nf3 e6 5. Be2 Nd7 6. O-O h6 7. Be3 Ne7 8. Nbd2
Qc7 9. c4 g5 10. c5 Bg7 11. Ne1 O-O-O 12. f4 f6 13. g4 Bg6 14. Ng2 gxf4 15.
Nxf4 Bf7 16. Nd3 Rdf8 17. exf6 Bxf6 18. Qa4 Bg5 19. Bf4 Bxf4 20. Rxf4 Ng6 21.
Rf2 Kb8 22. Raf1 Be8 23. Rxf8 Ndxf8 24. Nf3 Rg8 25. Qb4 Nf4 26. Nxf4 Qxf4 27.
Ne5 Qe3+ 28. Rf2 Ng6 29. Nxg6 Bxg6 30. Qc3 Qg5 31. Qg3+ Kc8 32. Qf4 Qxf4 33.
Rxf4 b6 34. b4 Kd7 35. Rf3 bxc5 36. bxc5 a5 37. Ra3 e5 38. dxe5 Ke6 39. Rxa5
Kxe5 40. Ra6 Rc8 41. Ra4 Bc2 42. Rb4 Ra8 43. Rb2 Be4 44. h4 Kd4 45. Kf2 Kxc5
46. Ke3 Ra3+ 47. Kf4 Kd4 48. g5 hxg5+ 49. hxg5 c5 50. Bh5 c4 51. g6 c3 52. Rb4+
Kd3 53. g7 c2 54. Ke5 c1=Q 55. Rd4+ Ke3 0-1

[Event "HD Bank Cup"]
[Site "Ho Chi Minh VIE"]
[Date "2019.03.08"]
[Round "3.4"]
[White "Le, Quang Long"]
[Black "Chanda, Sandipan"]
[Result "0-1"]
[WhiteElo "2412"]
[BlackElo "2534"]
[PlyCount "60"]
[EventDate "2019.03.07"]
[EventType "swiss"]
[EventRounds "9"]
[EventCountry "VIE"]
[Source "ChessMix"]
[SourceDate "2019.03.20"]

1. d4 f5 2. g3 Nf6 3. Bg2 g6 4. c4 Bg7 5. Nf3 O-O 6. O-O e6 7. Bf4 d5 8. Nbd2
c6 9. Ne5 Nbd7 10. Qb3 Ne4 11. Nxe4 Nxe5 12. cxd5 cxd5 13. Bxe5 Bxe5 14. dxe5
fxe4 15. Rac1 b6 16. Rc6 Qg5 17. Qc3 Bd7 18. Rc7 Rac8 19. Rd1 Qf5 20. f3 exf3
21. exf3 d4 22. Qc4 Qxe5 23. Rxc8 Qe3+ 24. Kh1 Rxc8 25. Qb3 d3 26. h4 Rc1 27.
Kh2 Rxd1 28. Qxd1 Qe2 29. Qc1 d2 30. Qc7 d1=Q 0-1

[Event "HD Bank Cup"]
[Site "Ho Chi Minh VIE"]
[Date "2019.03.10"]
[Round "5.25"]
[White "Le, Quang Long"]
[Black "Divya, Deshmukh"]
[Result "1-0"]
[WhiteElo "2412"]
[BlackElo "2266"]
[PlyCount "61"]
[EventDate "2019.03.07"]
[EventType "swiss"]
[EventRounds "9"]
[EventCountry "VIE"]
[Source "ChessMix"]
[SourceDate "2019.03.20"]

1. Nf3 Nf6 2. c4 e6 3. g3 b6 4. Bg2 Bb7 5. O-O Be7 6. d4 O-O 7. d5 exd5 8. Nh4
Ne4 9. cxd5 Nd6 10. Nf3 Bf6 11. Nc3 Na6 12. Bf4 Nc4 13. Rc1 Qe7 14. b3 Nd6 15.
Nd4 Bxd4 16. Qxd4 f5 17. h4 Rae8 18. Rfd1 Ba8 19. b4 Rf7 20. a3 Ne4 21. Nxe4
fxe4 22. Qc4 Bb7 23. Rd4 e3 24. Bxe3 Qf8 25. h5 Nb8 26. h6 g6 27. Rf4 b5 28.
Qxc7 d6 29. Rxf7 Qxf7 30. Qxd6 Qf5 31. Rc7 1-0

[Event "HD Bank Cup"]
[Site "Ho Chi Minh VIE"]
[Date "2019.03.10"]
[Round "6.8"]
[White "Predke, Alexandr"]
[Black "Le, Quang Long"]
[Result "1-0"]
[WhiteElo "2611"]
[BlackElo "2412"]
[PlyCount "75"]
[EventDate "2019.03.07"]
[EventType "swiss"]
[EventRounds "9"]
[EventCountry "VIE"]
[Source "ChessMix"]
[SourceDate "2019.03.20"]

1. e4 c6 2. d4 d5 3. Nc3 h6 4. Bd3 dxe4 5. Nxe4 Bf5 6. Nf3 e6 7. Bf4 Nf6 8.
Nxf6+ gxf6 9. Bxf5 Qa5+ 10. Qd2 Qxf5 11. O-O Na6 12. c3 h5 13. b4 h4 14. a4 Rd8
15. h3 Bd6 16. Bxd6 Rxd6 17. Qe3 Nc7 18. c4 Kf8 19. Rfe1 Kg7 20. Nxh4 Qg5 21.
Nf3 Qg6 22. Qf4 Rd7 23. b5 Ne8 24. Ra3 Nd6 25. Nh4 Qh6 26. Rg3+ Kh7 27. Re4
Qxf4 28. Rxf4 Rg8 29. Rxg8 Kxg8 30. d5 cxd5 31. cxd5 exd5 32. Rxf6 Ne4 33. Rf4
Nc3 34. Rg4+ Kf8 35. Nf5 d4 36. Kf1 d3 37. Rc4 Rd8 38. Rxc3 1-0

[Event "HD Bank Cup"]
[Site "Ho Chi Minh VIE"]
[Date "2019.03.11"]
[Round "7.25"]
[White "Le, Quang Long"]
[Black "Hoang, Thi Bao Tram"]
[Result "1-0"]
[WhiteElo "2412"]
[BlackElo "2301"]
[PlyCount "135"]
[EventDate "2019.03.07"]
[EventType "swiss"]
[EventRounds "9"]
[EventCountry "VIE"]
[Source "ChessMix"]
[SourceDate "2019.03.20"]

1. Nf3 d5 2. c4 e6 3. g3 Nf6 4. Bg2 d4 5. b4 c5 6. Bb2 a5 7. bxc5 Bxc5 8. e3
Nc6 9. exd4 Nxd4 10. O-O O-O 11. Na3 e5 12. Nxd4 Bxd4 13. Bxd4 Qxd4 14. Qc2 Rd8
15. Nb5 Qc5 16. Rac1 Rb8 17. Qc3 Bf5 18. Qe3 Qxe3 19. dxe3 Rd2 20. a3 Bd3 21.
Rfd1 Rxd1+ 22. Rxd1 Bxc4 23. Nd6 b5 24. Rb1 Bd3 25. Rb3 e4 26. Bf1 Bxf1 27.
Kxf1 b4 28. Nc4 Rb5 29. Nd6 Rd5 30. Nc4 Rc5 31. Nd2 Rb5 32. axb4 axb4 33. Ke2
g5 34. h3 Kg7 35. Rb2 Kg6 36. Kd1 h5 37. Nb3 Nd5 38. Rd2 Kf6 39. Rd4 Ke5 40.
Kc2 f5 41. Nd2 Rb8 42. Kb3 Ra8 43. Nc4+ Ke6 44. Rxd5 Ra1 45. Rd6+ Ke7 46. Kxb4
Rh1 47. Kc5 Rxh3 48. Rg6 Rh2 49. Rxg5 Kf6 50. Rg8 Rxf2 51. Nb6 Ke6 52. Rg6+ Kf7
53. Rg5 h4 54. gxh4 f4 55. Kd4 fxe3 56. Kxe3 Rb2 57. Nd5 Rh2 58. h5 Rh4 59. Nf4
Kf6 60. Ra5 Rh1 61. Kxe4 Re1+ 62. Kf3 Kg7 63. Ra6 Re5 64. Kg4 Kh7 65. Ne6 Re4+
66. Kf5 Rh4 67. Ng5+ Kg7 68. Ra7+ 1-0

[Event "HD Bank Cup"]
[Site "Ho Chi Minh VIE"]
[Date "2019.03.12"]
[Round "8.19"]
[White "Le, Quang Long"]
[Black "Xu, Minghui"]
[Result "0-1"]
[WhiteElo "2412"]
[BlackElo "2293"]
[PlyCount "133"]
[EventDate "2019.03.07"]
[EventType "swiss"]
[EventRounds "9"]
[EventCountry "VIE"]
[Source "ChessMix"]
[SourceDate "2019.03.20"]

1. c4 c5 2. Nf3 Nc6 3. Nc3 g6 4. e3 Nf6 5. d4 cxd4 6. Nxd4 Bg7 7. Nc2 d6 8. e4
Nd7 9. Bd2 O-O 10. h4 h5 11. Be2 Nf6 12. f3 Be6 13. Be3 Rc8 14. Qd2 a6 15. Rc1
Ne5 16. b3 b5 17. cxb5 Rxc3 18. Qxc3 Nxe4 19. Qb4 Nd3+ 20. Bxd3 Bc3+ 21. Qxc3
Nxc3 22. bxa6 Qa5 23. O-O Bf5 24. b4 Qa4 25. Bxf5 Ne2+ 26. Kh2 Nxc1 27. Be4 d5
28. Bxd5 Qxc2 29. Rxc1 Qd3 30. Bh6 Qxd5 31. Bxf8 Qd7 32. Bh6 Qd6+ 33. Kh3 Qxa6
34. Re1 e6 35. Bf4 Qxa2 36. Be5 Qd5 37. Kg3 Qb5 38. Bc3 Qc4 39. Re3 Kf8 40. Bf6
Ke8 41. Re4 Qc7+ 42. f4 Kd7 43. Rd4+ Kc8 44. Be5 Qc2 45. Kh2 Qf5 46. Rc4+ Kb7
47. Rc7+ Kb6 48. Rd7 f6 49. Rf7 Qg4 50. Bxf6 Qxf4+ 51. Kh1 Kc6 52. Rf8 Qxb4 53.
Rc8+ Kd5 54. Rc1 Ke4 55. Rf1 Kd3 56. Bg5 e5 57. Rf3+ Kd4 58. Rf6 e4 59. Re6 Kd3
60. Kh2 Qb5 61. Re7 Qf5 62. Ra7 Qe5+ 63. Kh1 Ke2 64. Ra2+ Kf1 65. Ra3 Qb2 66.
Rg3 Qf2 67. Kh2 0-1

[Event "VIE-ch"]
[Site "Ba Dinh VIE"]
[Date "2018.11.28"]
[Round "2.7"]
[White "Le, Quang Long"]
[Black "Hoang, Van Ngoc"]
[Result "1/2-1/2"]
[WhiteElo "2404"]
[BlackElo "2221"]
[PlyCount "87"]
[EventDate "2018.11.28"]
[EventType "swiss"]
[EventRounds "9"]
[EventCountry "VIE"]
[Source "ChessMix"]
[SourceDate "2018.12.10"]

1. Nf3 d5 2. c4 c6 3. e3 Nf6 4. Nc3 e6 5. Qc2 Nbd7 6. d4 Bd6 7. g4 dxc4 8. g5
Nd5 9. Bxc4 a6 10. Bd2 b5 11. Be2 Nb4 12. Qb1 c5 13. Ne4 Qb6 14. a3 Nd5 15.
Nxd6+ Qxd6 16. dxc5 Nxc5 17. b4 Na4 18. Qd3 Qe7 19. e4 Ndb6 20. Bf4 Bb7 21. Qd4
e5 22. Bxe5 Rd8 23. Qe3 O-O 24. O-O Nd7 25. Bg3 Qxe4 26. Qxe4 Bxe4 27. Rac1
Ndb6 28. Ne5 Nd5 29. Rfe1 Nac3 30. Bf3 Bxf3 31. Nxf3 f6 32. Kf1 Rfe8 33. gxf6
gxf6 34. Nd4 Kf7 35. Nc6 Rxe1+ 36. Rxe1 Rc8 37. Nb8 f5 38. Be5 Ne4 39. Nxa6 Rc6
40. Nc5 Nxc5 41. bxc5 Rxc5 42. f4 Rc4 43. Rb1 b4 44. axb4 1/2-1/2

[Event "VIE-ch"]
[Site "Ba Dinh VIE"]
[Date "2018.11.29"]
[Round "3.9"]
[White "Ngo, Thanh Tung"]
[Black "Le, Quang Long"]
[Result "1/2-1/2"]
[WhiteElo "1940"]
[BlackElo "2404"]
[PlyCount "122"]
[EventDate "2018.11.28"]
[EventType "swiss"]
[EventRounds "9"]
[EventCountry "VIE"]
[Source "ChessMix"]
[SourceDate "2018.12.10"]

1. Nf3 f5 2. b3 d6 3. d4 Nf6 4. Bb2 g6 5. g3 Bg7 6. Bg2 O-O 7. O-O c6 8. c4 Qc7
9. Nbd2 Re8 10. Qc2 Na6 11. a3 e5 12. c5 e4 13. cxd6 Qxd6 14. Nc4 Qd8 15. Nfe5
Nc7 16. a4 Ncd5 17. a5 Be6 18. Ba3 a6 19. Qc1 Bf8 20. Bxf8 Rxf8 21. f3 exf3 22.
exf3 f4 23. Qe1 Bf5 24. Rf2 Re8 25. Rd1 Qe7 26. g4 Be6 27. Bf1 Rad8 28. Nd3 Ne3
29. Nxe3 fxe3 30. Qxe3 Bxb3 31. Qxe7 Rxe7 32. Rb1 Bc4 33. Nc5 Bb5 34. g5 Nh5
35. Rd2 Nf4 36. Kf2 Rd5 37. h4 Rf5 38. Bxb5 axb5 39. Ne4 Nd5 40. Kg3 Rf8 41.
Rb3 Kg7 42. Ra2 Ra8 43. Ra1 Rf7 44. Rba3 b4 45. Rb3 Ra7 46. Nf6 Nxf6 47. gxf6+
Kxf6 48. Rxb4 Ke6 49. Re1+ Kd6 50. Re5 Re7 51. f4 Rxe5 52. dxe5+ Kd5 53. h5 c5
54. Rb6 c4 55. hxg6 hxg6 56. e6 Rxa5 57. e7 Ra8 58. Rxb7 Kc6 59. Rb4 Kc5 60.
Rb7 Kc6 61. Rb4 Kc5 1/2-1/2

[Event "VIE-ch"]
[Site "Ba Dinh VIE"]
[Date "2018.11.30"]
[Round "4.8"]
[White "Duong The Anh"]
[Black "Le, Quang Long"]
[Result "1/2-1/2"]
[WhiteElo "2307"]
[BlackElo "2404"]
[PlyCount "46"]
[EventDate "2018.11.28"]
[EventType "swiss"]
[EventRounds "9"]
[EventCountry "VIE"]
[Source "ChessMix"]
[SourceDate "2018.12.10"]

1. d4 f5 2. g3 Nf6 3. Bg2 g6 4. Nf3 Bg7 5. O-O O-O 6. Nbd2 d6 7. Re1 Nc6 8. e4
fxe4 9. Nxe4 Nxe4 10. Rxe4 Bf5 11. Re1 Qd7 12. c3 Kh8 13. Qb3 Rab8 14. Bf4 e6
15. h3 b5 16. Nh4 e5 17. Nxf5 Qxf5 18. Bxc6 exf4 19. g4 Qf6 20. Qd5 Qh4 21. Qf3
b4 22. Re2 bxc3 23. bxc3 Bf6 1/2-1/2

[Event "VIE-ch"]
[Site "Ba Dinh VIE"]
[Date "2018.12.01"]
[Round "6.13"]
[White "Le, Quang Long"]
[Black "Nguyen, Quoc Hy"]
[Result "1/2-1/2"]
[WhiteElo "2404"]
[BlackElo "2117"]
[PlyCount "80"]
[EventDate "2018.11.28"]
[EventType "swiss"]
[EventRounds "9"]
[EventCountry "VIE"]
[Source "ChessMix"]
[SourceDate "2018.12.10"]

1. c4 Nf6 2. g3 e6 3. Bg2 d5 4. Nf3 dxc4 5. Qa4+ Nbd7 6. Qxc4 c5 7. O-O b6 8.
Nc3 Bb7 9. a4 a6 10. d3 Be7 11. e4 Qb8 12. Bf4 Bd6 13. Bxd6 Qxd6 14. Rfe1 e5
15. Qb3 Qe6 16. Qc2 O-O 17. Nd2 Nb8 18. Nc4 Nc6 19. Nd5 Nd4 20. Qd1 b5 21. Nc7
Qc6 22. Nd5 Nxd5 23. exd5 Qc7 24. axb5 axb5 25. Rxa8 Rxa8 26. Nxe5 Qd6 27. Nc6
Nxc6 28. dxc6 Bxc6 29. Bxc6 Qxc6 30. Qe2 h6 31. Qe5 Rd8 32. Qf5 g6 33. Qf4 h5
34. Re7 Qd5 35. Qe3 h4 36. gxh4 Qxd3 37. Re8+ Kh7 38. Rxd8 Qxd8 39. Qxc5 Qd1+
40. Kg2 Qg4+ 1/2-1/2

[Event "VIE-ch"]
[Site "Ba Dinh VIE"]
[Date "2018.12.02"]
[Round "7.12"]
[White "Nguyen, Hoang Duc"]
[Black "Le, Quang Long"]
[Result "1-0"]
[WhiteElo "2066"]
[BlackElo "2404"]
[PlyCount "39"]
[EventDate "2018.11.28"]
[EventType "swiss"]
[EventRounds "9"]
[EventCountry "VIE"]
[Source "ChessMix"]
[SourceDate "2018.12.10"]

1. e4 c6 2. c4 e5 3. Nf3 d6 4. Nc3 Nf6 5. d4 Nbd7 6. Be2 g6 7. Bg5 h6 8. Bh4 g5
9. Bg3 Nh5 10. Nxe5 Nxg3 11. Nxf7 Kxf7 12. fxg3 Bg7 13. O-O+ Ke7 14. e5 dxe5
15. Qd3 exd4 16. Nd5+ cxd5 17. Qa3+ Nc5 18. Qxc5+ Qd6 19. Rf7+ Kxf7 20. Qxd6
1-0

[Event "North American op"]
[Site "Las Vegas USA"]
[Date "2023.12.26"]
[Round "2.40"]
[White "Le, Quang Long"]
[Black "Rowe, Duane"]
[Result "1-0"]
[WhiteElo "2413"]
[BlackElo "2039"]
[PlyCount "153"]
[EventDate "2023.12.26"]
[EventType "swiss"]
[EventRounds "9"]
[EventCountry "USA"]
[Source "ChessMix"]
[SourceDate "2024.01.10"]

1. c4 e5 2. g3 Nf6 3. Bg2 d5 4. cxd5 Nxd5 5. Nf3 Nc6 6. O-O Nb6 7. b3 e4 8. Ne1
Bf5 9. Nc3 Qe7 10. f3 exf3 11. Rxf3 Be6 12. Re3 O-O-O 13. Nc2 Qd7 14. Rd3 Bc5+
15. Kh1 Qe7 16. Rxd8+ Rxd8 17. Qf1 h5 18. e3 h4 19. d4 hxg3 20. hxg3 Bd6 21.
Qf3 Qg5 22. Ne4 Qh6+ 23. Kg1 Be7 24. Ba3 Bxa3 25. Nxa3 Nd5 26. Re1 Qg6 27. Nc5
Bg4 28. Qf1 Qd6 29. Qf2 f5 30. Nb5 Qh6 31. Bxd5 Rxd5 32. Qf4 Ne5 33. Qxh6 gxh6
34. Rc1 Nc6 35. Kf2 a6 36. Nc3 Rd6 37. Nd3 h5 38. Nf4 Rh6 39. Rh1 Kd7 40. Na4
b6 41. Nb2 Kc8 42. Nbd3 Kb7 43. b4 a5 44. bxa5 Nxa5 45. Ne5 Rd6 46. Nxh5 c5 47.
Nxg4 fxg4 48. Rd1 Nc6 49. d5 Nb4 50. e4 Nxa2 51. Nf4 Nc3 52. Re1 b5 53. Ke3 Ra6
54. e5 Ra4 55. Rh1 Rd4 56. d6 b4 57. e6 Kc6 58. d7 b3 59. Nd3 Nd5+ 60. Ke2 Nc3+
61. Kd2 Ne4+ 62. Ke3 Nxg3 63. Rh8 Nf5+ 64. Ke2 c4 65. Rc8+ Kb7 66. Rxc4 Rd6 67.
Kd2 g3 68. Kc3 Ne3 69. Rc8 g2 70. Nc5+ Kb6 71. Na4+ Ka5 72. Ra8+ Kb5 73. Rg8
Kxa4 74. Rxg2 Nd5+ 75. Kb2 Nb4 76. e7 Rd1 77. e8=Q 1-0

[Event "Titled Tuesday 2024.01.30 Early"]
[Site "chess.com INT"]
[Date "2024.01.30"]
[Round "10"]
[White "Erigaisi, Arjun"]
[Black "Le, Quang Long"]
[Result "1-0"]
[WhiteElo "2738"]
[BlackElo "2413"]
[PlyCount "65"]
[EventDate "2024.01.30"]
[EventType "swiss (blitz)"]
[EventRounds "11"]
[EventCountry "NET"]
[Source "Mark Crowther"]
[SourceDate "2024.02.05"]

1. b3 e5 2. Bb2 Nc6 3. e3 a6 4. Nf3 d6 5. d4 e4 6. Nfd2 f5 7. c4 Nf6 8. Nc3 g6
9. h4 h6 10. h5 g5 11. f3 Bg7 12. fxe4 O-O 13. Bd3 Nb4 14. Bb1 fxe4 15. Ndxe4
Ng4 16. Qe2 d5 17. cxd5 Nxd5 18. Nxd5 Qxd5 19. Bd3 Qa5+ 20. Bc3 Qa3 21. Kd2 Bf5
22. Rhf1 Bxe4 23. Bxe4 Nf6 24. Bxb7 Rab8 25. Qxa6 Qe7 26. Qc4+ Rf7 27. Bd5 Nxd5
28. Qxd5 Rbf8 29. Rxf7 Rxf7 30. Rf1 Bf6 31. e4 g4 32. e5 Bg5+ 33. Kd3 1-0

[Event "CAN-ch"]
[Site "Toronto CAN"]
[Date "2024.03.27"]
[Round "1.8"]
[White "Barron, Michael"]
[Black "Le, Quang Long"]
[Result "0-1"]
[WhiteElo "2143"]
[BlackElo "2403"]
[PlyCount "144"]
[EventDate "2024.03.27"]
[EventType "swiss"]
[EventRounds "10"]
[EventCountry "CAN"]

1. e4 c5 2. Nf3 Nc6 3. d4 cxd4 4. Nxd4 e5 5. Nb5 d6 6. N1c3 a6 7. Na3 Be6 8.
Nc4 Rb8 9. a4 Nf6 10. f3 d5 11. exd5 Nxd5 12. Nxd5 Bxd5 13. Be3 Be6 14. Bb6
Qh4+ 15. g3 Qf6 16. Be2 Nd4 17. Bxd4 exd4 18. O-O Bc5 19. Bd3 O-O 20. Nd2 Qh6
21. Ne4 Ba7 22. Qc1 Qe3+ 23. Kg2 h6 24. Re1 Qxc1 25. Raxc1 Rfd8 26. Re2 Rbc8
27. Rce1 Bb6 28. Nd2 Ba5 29. Rd1 Bb4 30. Ne4 Kf8 31. Nf2 Rc7 32. Be4 f5 33. Bd3
Kf7 34. h4 g6 35. Nh3 Kf6 36. Nf4 Bf7 37. h5 g5 38. Ng6 Re8 39. Rxe8 Bxe8 40.
b3 Bc6 41. Kf2 Rc8 42. g4 f4 43. Bc4 Bxa4 44. Ke2 Re8+ 45. Kf1 Bc6 46. Rxd4 Bc5
47. Rd3 Re3 48. Rxe3 Bxe3 49. Ke2 b5 50. Bd3 a5 51. c4 b4 52. Bc2 Bd4 53. Bd1
Ke6 54. Kd3 Bf6 55. Nf8+ Kd6 56. Ng6 Bg7 57. Ke2 Bf6 58. Kd3 a4 59. bxa4 b3 60.
Bxb3 Bxf3 61. c5+ Kxc5 62. Be6 Bc6 63. Nf8 Kd6 64. Bb3 Bf3 65. a5 Bxg4 66. a6
Bf3 67. Ne6 Kc6 68. Nd4+ Bxd4 69. Kxd4 g4 70. Ke5 g3 71. Kxf4 g2 72. Kxf3 g1=Q
0-1

[Event "CAN-ch"]
[Site "Toronto CAN"]
[Date "2024.03.28"]
[Round "2.6"]
[White "Le, Quang Long"]
[Black "Jodar Arias, Marlon"]
[Result "1-0"]
[WhiteElo "2403"]
[BlackElo "2209"]
[PlyCount "73"]
[EventDate "2024.03.27"]
[EventType "swiss"]
[EventRounds "10"]
[EventCountry "CAN"]

1. Nf3 d5 2. d4 Nf6 3. c4 c6 4. e3 e6 5. Nc3 Nbd7 6. Be2 dxc4 7. a4 Bd6 8. Nd2
e5 9. Nxc4 Bc7 10. b3 O-O 11. Ba3 Re8 12. O-O e4 13. Bd6 Nd5 14. Qd2 N7f6 15.
Bxc7 Qxc7 16. Nxd5 Nxd5 17. b4 Re6 18. f4 exf3 19. Bxf3 Rh6 20. g3 Bh3 21. Rf2
Rd8 22. Ne5 Be6 23. b5 f6 24. Nd3 Bf7 25. Rc1 Qe7 26. bxc6 bxc6 27. e4 Nb6 28.
Nb4 Nc4 29. Rxc4 Bxc4 30. Nxc6 Qd6 31. Nxd8 Qxd8 32. Qc3 Be6 33. Qc5 Rg6 34.
Qxa7 Rg5 35. d5 Bg4 36. Bxg4 Rxg4 37. Rb2 1-0

[Event "CAN-ch"]
[Site "Toronto CAN"]
[Date "2024.03.29"]
[Round "4.6"]
[White "Le, Quang Long"]
[Black "Rusonik, Max"]
[Result "1/2-1/2"]
[WhiteElo "2403"]
[BlackElo "2196"]
[PlyCount "107"]
[EventDate "2024.03.27"]
[EventType "swiss"]
[EventRounds "10"]
[EventCountry "CAN"]

1. c4 e6 2. g3 d5 3. Bg2 Nf6 4. d4 dxc4 5. Nf3 c5 6. O-O Nc6 7. Qa4 Bd7 8. dxc5
Bxc5 9. Qxc4 Be7 10. Nc3 O-O 11. Rd1 Rc8 12. Qa4 h6 13. a3 Qc7 14. Be3 Na5 15.
Qf4 Qxf4 16. Bxf4 Nb3 17. Rab1 Bc6 18. Nd4 Nxd4 19. Rxd4 Bc5 20. Rd3 Ng4 21.
Rf1 Bxg2 22. Kxg2 e5 23. Bc1 Rfd8 24. Rxd8+ Rxd8 25. Ne4 Be7 26. h3 Nf6 27.
Nxf6+ Bxf6 28. Be3 e4 29. b3 Rc8 30. Bxa7 Rc2 31. Rd1 Rb2 32. b4 Rxe2 33. Rd7
b5 34. Rd5 Ra2 35. Rxb5 Rxa3 36. Be3 Rb3 37. h4 Bc3 38. Rb8+ Kh7 39. b5 Rb4 40.
b6 Bd4 41. Bxd4 Rxd4 42. b7 Rb4 43. g4 e3 44. Kf3 exf2 45. Kxf2 g5 46. h5 Kg7
47. Ke3 Kh7 48. Kd3 Kg7 49. Kc3 Rb1 50. Kc4 Kh7 51. Kc5 Kg7 52. Kd5 Rb2 53. Kc5
Rb1 54. Kd5 1/2-1/2

[Event "CAN-ch"]
[Site "Toronto CAN"]
[Date "2024.03.31"]
[Round "7.13"]
[White "Le, Quang Long"]
[Black "Saha, Ananda"]
[Result "1-0"]
[WhiteElo "2403"]
[BlackElo "2022"]
[PlyCount "127"]
[EventDate "2024.03.27"]
[EventType "swiss"]
[EventRounds "10"]
[EventCountry "CAN"]

1. d4 e6 2. c4 Bb4+ 3. Bd2 a5 4. g3 Nf6 5. Bg2 d5 6. Qc2 O-O 7. Nf3 b6 8. O-O
Ne4 9. Bf4 Bd6 10. cxd5 exd5 11. Bxd6 Qxd6 12. Rc1 Na6 13. Nc3 Nxc3 14. Qxc3
Bb7 15. Ne5 Rfe8 16. Qf3 Re7 17. e3 c5 18. Qf4 Qe6 19. Bf3 g6 20. h4 f6 21. Bg4
f5 22. Bf3 Kg7 23. b3 Qf6 24. Bg2 h6 25. g4 fxg4 26. Qxg4 Rf8 27. Qg3 Kh7 28.
Bf1 Nb4 29. a3 Nc6 30. Ng4 Qg7 31. Bb5 Nd8 32. Bd3 Bc8 33. dxc5 bxc5 34. Ra2
Bf5 35. Rd2 h5 36. Nh2 Ne6 37. Bf1 d4 38. exd4 Nxd4 39. Rxc5 Be4 40. Rc4 Rf3
41. Qg5 Rf5 42. Qg3 Rf3 43. Qg5 Re5 44. Qd8 Ne6 45. Nxf3 Nxd8 46. Nxe5 Qxe5 47.
Rxd8 Bf5 48. Ra8 Kh6 49. Ra7 Qf6 50. Rxa5 Bg4 51. Rg5 Qa1 52. Rcxg4 hxg4 53. a4
Qd1 54. a5 Qxb3 55. Rxg4 Qa2 56. a6 Kh5 57. Re4 g5 58. Be2+ Kg6 59. h5+ Kf5 60.
Bd3 Kf6 61. h6 Qb3 62. h7 Qd1+ 63. Kg2 g4 64. h8=Q+ 1-0

[Event "CAN-ch"]
[Site "Toronto CAN"]
[Date "2024.04.01"]
[Round "9.8"]
[White "Le, Quang Long"]
[Black "Song, Ethan"]
[Result "1/2-1/2"]
[WhiteElo "2403"]
[BlackElo "2208"]
[PlyCount "78"]
[EventDate "2024.03.27"]
[EventType "swiss"]
[EventRounds "10"]
[EventCountry "CAN"]

1. d4 Nf6 2. c4 e6 3. g3 d5 4. Bg2 Be7 5. Nf3 O-O 6. Qc2 dxc4 7. Qxc4 a6 8. Qc2
Nc6 9. e3 Nb4 10. Qe2 Bd7 11. Nc3 Nbd5 12. Ne5 c5 13. O-O cxd4 14. exd4 Rc8 15.
Bd2 Bc6 16. Nxc6 Rxc6 17. Rac1 Qd7 18. Nxd5 Nxd5 19. Rxc6 Qxc6 20. Rc1 Qd7 21.
Qc4 Bf6 22. b3 h6 23. Bxd5 exd5 24. Qc7 Qxc7 25. Rxc7 Bxd4 26. Rxb7 Rc8 27. Rb4
Ba7 28. Rb7 Bd4 29. Rb4 Ba7 30. Ra4 Rc6 31. Kf1 Kh7 32. Ra5 d4 33. f3 d3 34.
Ke1 Bg1 35. h3 Rc2 36. Kd1 Rb2 37. Kc1 Rc2+ 38. Kd1 Rb2 39. Kc1 Rc2+ 1/2-1/2